Countries Closest to Trinidad - Statistics

General Stats
  • This quiz has been taken 166 times
  • The average score is 15 of 20
Answer Stats
km Answer mi % Correct
16 Venezuela 10
94%
210 Guyana 131
91%
314 Barbados 196
90%
179 St Vincent & The Grenadines 112
90%
706 St Kitts & Nevis 441
88%
325 St Lucia 203
88%
634 Suriname 396
88%
129 Grenada 87
85%
547 Brazil 342
84%
488 Dominica 305
82%
1038 Colombia 649
78%
683 Antigua & Barbuda 427
76%
1416 Haiti 885
76%
405 France 253
75%
1673 Cuba 1058
70%
1096 Dominican Republic 685
69%
914 Aruba 571
45%
1688 Peru 1055
43%
786 Curacao 491
35%
814 Sint Maarten 509
17%
No matching quizzes found
Score Distribution
Percent of People with Each Score
Percentile by Number Answered
Your Score History
You have not taken this quiz